Melrose Place ou Sunset Beach - Statistiques

Statistiques générales
  • Ce quiz a été pris 19 fois
  • Le résultat moyen est 36 sur 50
Statistiques - réponses
Hint Réponse % Correct
Gregory Richards Sunset Beach
100%
Michael Mancini Melrose Place
93%
Amanda Woodward Melrose Place
93%
Jane Mancini Melrose Place
93%
Alison Parker Melrose Place
93%
Olivia Blake Richards Sunset Beach
93%
Meg Cummings Sunset Beach
93%
Casey Mitchum Sunset Beach
93%
Sydney Andrews Melrose Place
86%
Kimberly Shaw Melrose Place
86%
Ricardo Torres Sunset Beach
86%
Michael Bourne Sunset Beach
86%
Bette Katzenkazrahi Sunset Beach
86%
Matt Fielding Melrose Place
79%
Jo Reynolds Melrose Place
79%
Lexi Sterling Melrose Place
79%
Jennifer Mancini Melrose Place
79%
Paula Stevens Sunset Beach
79%
Tim Truman Sunset Beach
79%
Ben Evans Sunset Beach
79%
Annie Douglas Richards Sunset Beach
79%
Francesca Vargas Sunset Beach
79%
Cole Deschanel Sunset Beach
79%
Billy Campbell Melrose Place
71%
Peter Burns Melrose Place
71%
Brooke Armstrong Melrose Place
71%
Eddie Connors Sunset Beach
71%
Amy Nielsen Sunset Beach
71%
Rae Chang Sunset Beach
71%
Gabriela Martinez Torres Sunset Beach
71%
Mark Wolper Sunset Beach
71%
Tess Marin Sunset Beach
71%
Jake Hanson Melrose Place
64%
Megan Lewis Melrose Place
64%
Samantha Reilly Melrose Place
64%
Rhonda Blair Melrose Place
64%
Vanessa Hart Sunset Beach
64%
Antonio Torres Sunset Beach
64%
Kyle McBride Melrose Place
57%
Taylor McBride Melrose Place
57%
Craig Field Melrose Place
57%
Ryan McBride Melrose Place
57%
Hillary Michaels Melrose Place
57%
Jude Cavanaugh Sunset Beach
57%
Sean Richards Sunset Beach
57%
Tiffany Thorne Sunset Beach
57%
Virginia Harrison Sunset Beach
57%
Brett Cooper Melrose Place
50%
Sandy Harling Melrose Place
50%
Bobby Parezi Melrose Place
36%
Aucun quiz correspondant
Distribution des résultats
% des personnes avec chaque résultat
Percentile par nombre de réponses
Votre historique - résultats
Vous n’avez pas pris ce quiz